000 01028 a2200205 4500
001 39330
005 20260407155652.0
008 260407a1968 arg spa d
003 AR-UNSa-BCEJYS
040 _aAR-UNSa-BCEJYS
_bspa
_cAR-UNSa-BCEJYS
080 _a658.012.261
_xSuceso-nodo-red. Orientación al suceso. PERT (Técnica de Revisión y Evaluación de Proyectos)
245 1 0 _aIniciación del método del camino crítico
264 1 _aMéxico :
_bTrillas
_c1968
300 _a212 p.
_c24 cm.
505 _a1. Método del camino crítico - 2. Planeación y programación - 3. La red de actividades - 4. Red de vencimientos sucesivos - 5. Comprensión de la red - 6. Limitaciones en la ejecución de proyectos - 7. Matriz de elasticidad - 8. Gráficas Pert - 9. Ejecución y control - 103. Procedimiento de valuación-
942 _cBK
590 _aniveau_biblio:m niveau_hierar:0
100 1 _aMontaño G., Agustín
856 4 1 _uhttps://biblioeco.unsa.edu.ar/pmb/images/libros/L22344.jpg
_yImagen de portada
_qimage/jpeg
999 _c3020
_d3020